000 01037cam a22003377a 4500
003 CHAP
005 20220329134330.0
008 971013s1985 r 00010 d
010 _a18899
011 _a19871
035 _a23956
040 _cCHAP
090 _aFolleto 10032
100 0 0 _aDíaz C., Gorky.
_933389
245 0 _aINIAP-303
_b: una veriedad de soya de gran producción y resistente al volcamiento
260 _aQuito :
_bINIAP,
_c1985
300 _aHoja plegable
490 0 _aPlegable
_v; 85
590 _aBATCH-UPD
_b10
_c20130110
_lUCH01
_h0224
590 _aBATCH-UPD
_b10
_c20130110
_lUCH01
_h1447
590 _aBATCH-UPD
_b10
_c20130409
_lUCH01
_h2246
590 _aBATCH-UPD
_b10
_c20130914
_lUCH01
_h0558
590 _aCONVERSION
_b10
_c20130109
_lUCH01
_h1311
650 1 4 _aSoya
_xVariedades.
_9109096
700 0 _aBecilla, Carlos.
_911191
700 0 _aPeralta, Lionel.
_987058
830 0 _aPlegable
_v; 85
_989163
901 _aBK
942 _cFOLL
949 _aFolleto 10032
_bBC
_cFOLL
_d-55468
_eTS1
_i23956
_si
999 _c18899
_d18899